000 00771nas a2200241 4500
001 BR0810554
003 BR-BrBNA
005 20231205112942.0
007 ta
008 230509b bl.|||p| |||| 00| 00por d
040 _aBR-BrBNA
_bpor
_cBiblioteca Nacional de Agricultura
041 _a(Pt)
072 _aP10
100 1 _aSilva, R.V.
100 1 _aKobiyama
245 1 _aEstudo comparativo de Três formulações do Topmodel na Bacia do Rio Pequeno, São José dos Pinhais, PR.
650 _aBACIA HIDROGRÁFICA
650 _aRIO PEQUENO
650 _aPARANÁ
773 0 _tRevista Brasileira de Recursos Hídricos (Brazil)
_xISSN 1414-381X
_g(Apr-Jun 2007), v. 12(2) p. 93-103
_wBR0810554
909 _a202311
_bLúcia
_c55
_dLúcia Elande
942 _2AGRIS
_n0
_cANA
999 _c200980
_d200980